[Event "EYCC Open U16 2018"]
[Site "Riga"]
[Date "2018.08.24"]
[Round "5"]
[White "Tryggestad, Andreas Garberg"]
[Black "Blohberger, Felix"]
[Result "1/2-1/2"]
[WhiteElo "2312"]
[BlackElo "2427"]
[Annotator "TA"]
[PlyCount "69"]
[EventDate "2018.08.20"]
[EventType "swiss"]
[EventCountry "LAT"]
[SourceTitle "playchess.com"]
[Source "ChessBase"]
[SourceQuality "1"]

{[%evp 16,69,21,10,21,17,12,-2,0,0,4,0,0,-20,-12,-18,-13,-15,-12,-37,-12,-12,-14,-15,-13,-17,-10,-17,-11,-14,-14,-23,0,-4,0,0,6,0,16,0,7,0,14,10,825,845,831,817,789,0,0,0,0,0,0,0]} 1. e4 c6 2. Nc3 d5 3. Nf3 dxe4 4. Nxe4 Nf6 5. Nxf6+ exf6 6. Bc4 Bd6 7. Qe2+ Qe7 8. Qxe7+ {B11: Caro-Kann: Two Knights Variation} Kxe7 9. d4 {LiveBook: 8 Games} (9. O-O Rd8 10. d4 Bf5 11. c3 Kf8 12. Re1 Nd7 13. Nh4 Bc2 14. Re2 Bd1 15. Re1 Bc2 16. Re2 Bd1 17. Re1 {1-0 (17) Heimann,A (2590)-Li,C (2714) Dresden 2018}) 9... Rd8 10. Be3 $146 (10. O-O {keeps more tension.} Kf8 11. Re1 Na6 12. Bd3 Kg8 13. c3) ({Predecessor:} 10. O-O Kf8 11. Re1 Bg4 12. Nd2 Bf5 13. c3 Nd7 14. Nf1 b5 15. Bb3 Nb6 16. Ng3 Bxg3 17. hxg3 {0-1 (58) Fatalibekova,E (2297)-Khmiadashvili,T (2330) Naumburg 2002}) 10... Be6 11. Bxe6 (11. Bd3 {is interesting.} Na6 12. c3 Nc7 13. O-O Kf8 14. g3) 11... fxe6 12. O-O-O Nd7 13. Rhe1 Kf7 14. Nd2 Nb6 15. Ne4 Nd5 16. c4 Ne7 17. Bd2 Rd7 ({But not} 17... Bxh2 $6 18. g3 $14) 18. Nxd6+ Rxd6 19. Bb4 Rd7 20. Bxe7 Rxe7 $11 {[%mdl 4096] Endgame KRR-KRR} 21. Rd3 Rd8 22. Kc2 Red7 23. Red1 g5 24. Kc3 h5 25. a4 g4 26. h3 Rg8 27. Rh1 gxh3 28. Rdxh3 Rxg2 29. Rxh5 Rxf2 $2 {[%mdl 8192]} (29... Ke7 $11) 30. Rh7+ $18 Ke8 31. Rh8+ Ke7 {[#]} 32. R1h7+ $2 (32. c5 $1 $18 {[%cal Rh1h7]} Rf3+ 33. Kc2 Rf2+ 34. Kb1 Rf1+ 35. Rxf1) 32... Kd6 $11 {The position is equal.} 33. c5+ Kc7 $1 34. Rxd7+ Kxd7 35. Rh7+ {Precision: White = 58%, Black = 35%.} 1/2-1/2

[Event "EYCC Open U16 2018"]
[Site "Riga"]
[Date "2018.08.24"]
[Round "5"]
[White "Postnikov, Roman"]
[Black "Szpar, Milosz"]
[Result "1-0"]
[WhiteElo "2070"]
[BlackElo "2365"]
[Annotator "NA"]
[PlyCount "83"]
[EventDate "2018.08.20"]
[EventType "swiss"]
[EventCountry "LAT"]
[SourceTitle "playchess.com"]
[Source "ChessBase"]
[SourceQuality "1"]
[TimeControl "40/5400+30:1800+30"]

1. d4 {[%emt 0:00:00]} Nf6 {[%emt 0:00:00]} 2. c4 {[%emt 0:00:00]} e6 {[%emt 0:00:02]} 3. Nf3 {[%emt 0:00:06]} c5 {[%emt 0:00:54]} 4. d5 {[%emt 0:04:11]} exd5 {[%emt 0:00:22]} 5. cxd5 {[%emt 0:00:08]} d6 {[%emt 0:00:05]} 6. Nc3 {[%emt 0:00:53]} g6 {[%emt 0:00:05]} 7. e4 {[%emt 0:01:10] LiveBook: 2677 Games} Bg7 {[%emt 0:00:11]} 8. Bb5+ {[%emt 0:01:29]} Nfd7 {[%emt 0:01:12]} 9. a4 {[%emt 0:01:59]} O-O {[%emt 0:03:02]} 10. O-O {[%emt 0:03:22]} a6 {[%emt 0:05:06]} 11. Bd3 {[%emt 0:00:32]} Re8 {[%emt 0:00:48] A70: Modern Benoni: 6 e4 g6 7 Nf3} (11... Ne5 $11 {keeps the balance.}) 12. Bf4 {[%emt 0:04:46]} Qc7 {[%emt 0:12:37]} ({Black should play} 12... Qe7 $14) 13. Rc1 {[%emt 0:09:58]} b6 $146 {[%emt 0:08:41]} ({Predecessor:} 13... Ne5 14. Nxe5 Bxe5 15. Bxe5 dxe5 16. b4 {1-0 (26) Sambuev,B (2573)-Chiku Ratte,O (2031) Montreal 2010}) 14. Re1 {[%emt 0:07:03]} Ne5 {[%emt 0:05:07]} 15. Nxe5 {[%emt 0:02:51]} Bxe5 {[%emt 0:06:33]} 16. Bxe5 {[%emt 0:02:16]} dxe5 {[%emt 0:01:41]} 17. Bc4 {[%emt 0:04:00]} Qd6 {[%emt 0:00:52]} 18. Qb3 {[%emt 0:04:58]} Nd7 {[%emt 0:01:01]} 19. Nd1 {[%emt 0:04:36]} Nf6 {[%emt 0:06:12]} 20. Qd3 {[%emt 0:04:34]} Qd7 {[%emt 0:07:03]} 21. Ne3 {[%emt 0:01:30]} Bb7 {[%emt 0:09:15]} 22. Bb3 {[%emt 0:05:25]} Rab8 {[%emt 0:04:37]} 23. a5 {[%emt 0:02:24]} bxa5 {[%emt 0:02:02]} 24. Rxc5 $16 {[%emt 0:04:32]} a4 {[%emt 0:01:46]} 25. Ba2 {[%emt 0:01:54]} Qd6 {[%emt 0:04:36]} 26. Rc4 {[%emt 0:02:09]} Nd7 {[%emt 0:00:50]} 27. Qa3 {[%emt 0:07:41]} Qxa3 {[%emt 0:11:12]} 28. bxa3 {[%emt 0:00:02]} Rec8 {[%emt 0:00:49]} 29. Rb1 {[%emt 0:01:57]} Rxc4 {[%emt 0:04:06]} 30. Nxc4 {[%emt 0:00:10]} f6 {[%emt 0:01:28]} 31. f3 {[%emt 0:00:30]} Kf8 {[%emt 0:00:32]} 32. Nb6 {[%emt 0:03:14]} Rd8 {[%emt 0:01:40]} 33. Nxd7+ {[%emt 0:00:15]} Rxd7 {[%emt 0:00:07]} 34. Rb6 {[%emt 0:01:30]} f5 {[%emt 0:00:37]} 35. Bc4 {[%emt 0:01:32]} fxe4 {[%emt 0:00:51]} 36. fxe4 {[%emt 0:00:06]} Rc7 {[%emt 0:00:10]} 37. Rb4 {[%emt 0:02:27]} Bc8 {[%emt 0:01:46]} 38. d6 {[%emt 0:04:38]} Rb7 {[%emt 0:00:25]} 39. d7 Rxd7 {[%emt 0:00:14]} 40. Rb8 {[%emt 0:00:00]} Rd8 {[%emt 0:00:00]} 41. Bxa6 {[%emt 0:02:55]} Ke7 {[%emt 0:04:07]} 42. Rxc8 {[%emt 0:01:28]} 1-0

[Event "EYCC Open U16 2018"]
[Site "Riga"]
[Date "2018.08.26"]
[Round "6"]
[White "Blohberger, Felix"]
[Black "Kuznecovs, Nikita"]
[Result "1-0"]
[WhiteElo "2427"]
[BlackElo "2280"]
[Annotator "TA"]
[PlyCount "55"]
[EventDate "2018.08.20"]
[EventType "swiss"]
[EventCountry "LAT"]
[SourceTitle "playchess.com"]
[Source "ChessBase"]
[SourceQuality "1"]

{[%evp 22,55,29,34,53,27,25,30,24,21,70,45,92,50,220,87,139,41,63,61,18,-51,-51,-16,75,88,86,91,874,845,1828,888,837,722,707,704]} 1. e4 e6 2. d4 d5 3. Nd2 Be7 4. Ngf3 Nf6 5. e5 Nfd7 6. Bd3 c5 7. c3 Nc6 8. O-O g5 9. dxc5 g4 10. Nd4 {C06: French Tarrasch: 3...Nf6 4 e5 Nfd7 5 Bd3 main lines} Ndxe5 11. Bb5 Bd7 12. N2b3 {LiveBook: 38 Games. White has an edge.} Ng6 (12... h5 13. Re1 Nxd4 14. Nxd4 Bxb5 15. Rxe5 Bd7 16. Qe2 Qc8 17. b4 f6 18. Rxe6 Bxe6 19. Nxe6 {0-1 (32) Kanmazalp,O (2481)-Baryshpolets,A (2603) Ankara 2018}) 13. Bxc6 $146 ({Predecessor:} 13. Nc2 h5 14. Be3 Qc7 15. Nbd4 e5 16. Nxc6 bxc6 17. Be2 f5 {½-½ (45) Pourkashiyan,A (2341)-Nakhbayeva,G (2360) Ashkhabad 2017}) 13... bxc6 14. f4 (14. Qxg4 e5 $11) 14... a5 15. a4 ({Reject} 15. Qxg4 a4 $17) 15... Rb8 16. Qc2 Qc7 17. Kh1 Bc8 $2 {[#]} (17... O-O $14) 18. Bd2 (18. f5 $1 $18 {has better winning chances.}) 18... Ba6 (18... O-O $142) 19. f5 (19. c4 $16) 19... Bxf1 $14 20. Rxf1 e5 21. fxg6 ({White should play} 21. Ne2 $11) 21... hxg6 $15 22. Ne2 Qb7 ({Avoid the trap} 22... e4 $2 23. Bf4 $18) (22... f5 $11) 23. Nxa5 $16 Qxb2 24. Qd3 Qa2 $2 {[%mdl 8192] [#]} (24... Rc8 $16) 25. Nxc6 $18 {White is clearly winning.} Rb2 26. Nxe7 (26. Qa6 $142 Rb8 27. Nxb8) 26... Qc4 27. Qxc4 dxc4 28. Bg5 {Precision: White = 34%, Black = 17%.} 1-0

[Event "EYCC Open U16 2018"]
[Site "Riga"]
[Date "2018.08.26"]
[Round "6"]
[White "Gorshtein, Ido"]
[Black "Tryggestad, Andreas Garberg"]
[Result "1/2-1/2"]
[WhiteElo "2375"]
[BlackElo "2312"]
[Annotator "NA"]
[PlyCount "50"]
[EventDate "2018.08.20"]
[EventType "swiss"]
[EventCountry "LAT"]
[SourceTitle "playchess.com"]
[Source "ChessBase"]
[SourceQuality "1"]
[TimeControl "40/5400+30:1800+30"]

1. e4 {[%emt 0:00:00]} c5 {[%emt 0:00:00]} 2. Ne2 {[%emt 0:00:00]} e6 {[%emt 0:00:00]} 3. d4 {[%emt 0:00:00]} cxd4 {[%emt 0:00:00]} 4. Nxd4 {[%emt 0:00:00]} Nc6 {[%emt 0:00:00]} 5. Nc3 {[%emt 0:00:00]} Qc7 {[%emt 0:00:01]} 6. f4 {[%emt 0:00:00]} Bb4 {[%emt 0:02:06] B47: Sicilian: Taimanov: 5 Nc3 Qc7 6 f4, 6 g3 and 6 Be2} 7. Ndb5 {[%emt 0:00:16]} Qa5 $146 {[%emt 0:05:15]} ({Predecessor:} 7... Qb8 8. a3 Be7 9. e5 Nh6 10. Ne4 O-O 11. Bd3 b6 12. O-O Ba6 13. c4 Bxb5 14. cxb5 {1-0 (29) Vachier Lagrave,M (2634)-Novikov,S (2534) Germany 2007}) 8. a3 {[%emt 0:06:21]} Bxc3+ {[%emt 0:06:27]} 9. Nxc3 {[%emt 0:01:11]} Nf6 {[%emt 0:00:41]} 10. Bd2 {[%emt 0:01:10]} O-O {[%emt 0:02:22]} 11. Bd3 {[%emt 0:01:38]} d6 {[%emt 0:03:43]} 12. O-O {[%emt 0:01:42]} a6 {[%emt 0:01:33]} (12... Qb6+ $14 13. Kh1 Bd7) 13. Kh1 {[%emt 0:00:12]} Qc7 {[%emt 0:00:19]} 14. Qf3 b5 {[%emt 0:01:49]} 15. Rae1 {[%emt 0:18:11]} Nd7 {[%emt 0:06:59]} 16. Qg3 {[%emt 0:06:17]} Nc5 {[%emt 0:08:21]} 17. f5 {[%emt 0:10:29]} f6 {[%emt 0:00:17]} 18. fxe6 {[%emt 0:01:14]} Bxe6 {[%emt 0:00:33]} 19. b4 {[%emt 0:05:31]} Nxd3 {[%emt 0:07:29]} 20. cxd3 {[%emt 0:00:04]} Ne5 {[%emt 0:10:43]} 21. Rc1 {[%emt 0:00:18]} Qd7 $11 {[%emt 0:01:07]} 22. Bf4 {[%emt 0:14:26]} Rac8 {[%emt 0:01:13]} 23. Ne2 {[%emt 0:01:17]} Rxc1 {[%emt 0:04:20]} 24. Rxc1 {[%emt 0:00:11]} Rc8 {[%emt 0:00:08]} 25. Qe3 {[%emt 0:10:27]} Bg4 {[%emt 0:10:24]} 1/2-1/2

[Event "EYCC Open U16 2018"]
[Site "Riga"]
[Date "2018.08.26"]
[Round "6"]
[White "Salemgareev, Tagir"]
[Black "Travadon, Loic"]
[Result "1-0"]
[WhiteElo "2375"]
[BlackElo "2334"]
[Annotator "NA"]
[PlyCount "97"]
[EventDate "2018.08.20"]
[EventType "swiss"]
[EventCountry "LAT"]
[SourceTitle "playchess.com"]
[Source "ChessBase"]
[SourceQuality "1"]
[TimeControl "40/5400+30:1800+30"]

1. d4 {[%emt 0:00:00]} Nf6 {[%emt 0:00:00]} 2. c4 {[%emt 0:00:00]} e6 {[%emt 0:00:00]} 3. g3 {[%emt 0:01:00]} Bb4+ {[%emt 0:00:00]} 4. Nd2 {[%emt 0:00:35]} d5 {[%emt 0:03:57]} 5. Bg2 {[%emt 0:00:17]} a5 {[%emt 0:02:54]} 6. Qc2 {[%emt 0:08:51]} dxc4 {[%emt 0:08:37]} 7. Qxc4 {[%emt 0:01:22]} O-O {[%emt 0:02:12]} 8. a3 {[%emt 0:03:47]} Be7 {[%emt 0:00:37]} 9. Ngf3 {[%emt 0:12:47]} Nbd7 {[%emt 0:00:30]} 10. O-O {[%emt 0:03:16]} b5 {[%emt 0:02:08]} 11. Qxb5 {[%emt 0:02:38]} Ba6 {[%emt 0:00:31]} 12. Qa4 {[%emt 0:00:15]} Bxe2 {[%emt 0:01:02]} 13. Re1 {[%emt 0:00:05]} Nb6 {[%emt 0:02:11]} 14. Qc2 {[%emt 0:03:55]} Bb5 {[%emt 0:06:58]} 15. Ne5 {[%emt 0:01:39]} Nbd5 {[%emt 0:02:57]} 16. Ne4 {[%emt 0:04:14]} Nxe4 {[%emt 0:01:41]} 17. Bxe4 {[%emt 0:00:22]} f5 {[%emt 0:01:11]} 18. Bg2 {[%emt 0:01:36]} Bf6 {[%emt 0:02:08]} 19. Bd2 {[%emt 0:00:46]} Qd6 {[%emt 0:03:10]} 20. Rac1 {[%emt 0:01:03]} Rfb8 {[%emt 0:08:26]} 21. h4 {[%emt 0:07:26]} h6 $16 {[%emt 0:03:15]} (21... a4 $142) 22. h5 {[%emt 0:09:09]} Be8 {[%emt 0:00:22]} 23. Nc4 {[%emt 0:07:22]} Qd7 {[%emt 0:00:23]} 24. Nxa5 {[%emt 0:03:35]} Bxd4 {[%emt 0:00:46]} 25. b4 {[%emt 0:00:56]} c5 {[%emt 0:02:27]} 26. Nb3 {[%emt 0:01:11]} Rxa3 {[%emt 0:04:56]} 27. Nxc5 {[%emt 0:00:26]} Bxc5 {[%emt 0:00:04]} 28. bxc5 {[%emt 0:00:11]} Ra6 {[%emt 0:02:47]} 29. Re5 {[%emt 0:06:02]} Bxh5 {[%emt 0:02:25]} 30. c6 {[%emt 0:01:06]} Qd6 {[%emt 0:00:48]} 31. Rxd5 {[%emt 0:00:18]} exd5 {[%emt 0:00:47]} 32. Bf4 {[%emt 0:00:05]} Rxc6 {[%emt 0:01:20]} 33. Bxd6 {[%emt 0:01:07]} Rxc2 {[%emt 0:00:01]} 34. Bxd5+ {[%emt 0:00:07]} Bf7 {[%emt 0:00:18]} 35. Bxf7+ {[%emt 0:00:04]} Kxf7 {[%emt 0:00:02]} 36. Rxc2 {[%emt 0:00:08]} Re8 {[%emt 0:02:09]} 37. Kg2 {[%emt 0:00:41]} g5 {[%emt 0:00:17]} 38. Ba3 {[%emt 0:02:22]} Ra8 {[%emt 0:00:49]} 39. Bb2 {[%emt 0:00:58]} Ra2 {[%emt 0:00:18]} 40. Rc7+ {[%emt 0:00:00]} Kg6 {[%emt 0:00:00]} 41. Rc6+ {[%emt 0:00:15]} Kh5 {[%emt 0:01:07]} 42. Bg7 {[%emt 0:00:21]} Kg4 {[%emt 0:00:53]} 43. Bxh6 {[%emt 0:00:35]} Rb2 {[%emt 0:00:36]} 44. Rg6 {[%emt 0:00:37]} Kh5 {[%emt 0:00:07]} 45. Rxg5+ {[%emt 0:00:06]} Kxh6 {[%emt 0:00:04]} 46. Rxf5 {[%emt 0:00:05]} Kg6 {[%emt 0:00:09]} 47. Rc5 {[%emt 0:00:06]} Ra2 {[%emt 0:00:06]} 48. g4 {[%emt 0:00:10]} Ra3 {[%emt 0:00:11]} 49. f3 {[%emt 0:00:07]} 1-0

[Event "EYCC Open U16 2018"]
[Site "Riga"]
[Date "2018.08.26"]
[Round "6"]
[White "Shubin, Kirill"]
[Black "Haring, Filip"]
[Result "1-0"]
[WhiteElo "2374"]
[BlackElo "2263"]
[Annotator "NA"]
[PlyCount "75"]
[EventDate "2018.08.20"]
[EventType "swiss"]
[EventCountry "LAT"]
[SourceTitle "playchess.com"]
[Source "ChessBase"]
[SourceQuality "1"]
[TimeControl "40/5400+30:1800+30"]

1. e4 {[%emt 0:00:00]} c5 {[%emt 0:00:00]} 2. Nf3 {[%emt 0:00:00]} e6 {[%emt 0:00:19]} 3. d4 {[%emt 0:00:00]} cxd4 {[%emt 0:00:11]} 4. Nxd4 {[%emt 0:00:00]} a6 {[%emt 0:00:47]} 5. Bd3 {[%emt 0:00:00]} Bc5 {[%emt 0:00:44]} 6. Nb3 {[%emt 0:00:01]} Be7 {[%emt 0:00:38]} 7. c4 {[%emt 0:02:32]} d6 {[%emt 0:00:53]} 8. Nc3 {[%emt 0:01:03]} Nf6 {[%emt 0:00:38]} 9. O-O {[%emt 0:00:42]} O-O {[%emt 0:00:22]} 10. Be3 {[%emt 0:01:13] B42: Sicilian: Kan Variation: 5 Bd3} Qc7 {[%emt 0:00:43]} (10... b6 11. a4 Nc6 12. f3 Nd7 13. Qd2 Nc5 14. Bc2 Nb4 15. Nd4 Bb7 16. Nce2 Nxc2 17. Qxc2 Qc7 {0-1 (41) Roganovic,M (2524)-Markus,R (2623) Belgrade 2014}) 11. f4 {[%emt 0:03:14]} b6 {[%emt 0:07:04] LiveBook: 4 Games} 12. Qf3 {[%emt 0:04:19]} Bb7 {[%emt 0:03:11]} 13. Qh3 {[%emt 0:00:05]} Nbd7 {[%emt 0:03:58]} 14. Rae1 {[%emt 0:01:29] [#]} Rad8 $146 {[%emt 0:11:43]} ({Better is} 14... h5 $14) ({Predecessor:} 14... g6 15. Nd2 Rfe8 16. Kh1 Bf8 17. Nf3 Bg7 18. Ng5 Rad8 19. Bb1 h6 20. Nxf7 Kxf7 {1-0 (48) Zhang,X (2367)-Gunina,V (2514) Wuxi 2013}) 15. Bd4 {[%emt 0:06:04]} e5 {[%emt 0:13:58]} 16. Be3 {[%emt 0:04:57]} Nc5 {[%emt 0:04:16]} 17. Nxc5 {[%emt 0:02:21]} dxc5 {[%emt 0:02:18]} 18. Nd5 {[%emt 0:01:13]} Bxd5 {[%emt 0:15:19]} 19. exd5 {[%emt 0:03:11]} e4 {[%emt 0:00:56]} 20. Bb1 {[%emt 0:00:46]} Bd6 $16 {[%emt 0:09:04]} 21. Bd2 {[%emt 0:00:47]} Rfe8 {[%emt 0:01:59]} 22. Bc3 {[%emt 0:02:35]} Qe7 {[%emt 0:02:06]} 23. g4 {[%emt 0:10:25]} g6 {[%emt 0:08:18]} 24. Qh6 {[%emt 0:05:55]} e3 {[%emt 0:00:03]} 25. Rf3 {[%emt 0:00:26]} e2 {[%emt 0:09:01]} 26. Bd3 {[%emt 0:00:13]} Qd7 {[%emt 0:03:43]} 27. Bxf6 {[%emt 0:00:10]} Bf8 {[%emt 0:00:06]} 28. Qh3 {[%emt 0:00:23]} Qa4 {[%emt 0:00:53]} 29. g5 {[%emt 0:01:01]} Bg7 {[%emt 0:00:18]} 30. Bxg7 {[%emt 0:00:55]} Kxg7 {[%emt 0:00:42]} 31. Qh6+ {[%emt 0:02:39]} Kg8 {[%emt 0:00:03]} 32. Rh3 {[%emt 0:00:08]} Qd1 {[%emt 0:00:03]} 33. Qxh7+ {[%emt 0:00:12]} Kf8 {[%emt 0:00:05]} 34. Qh8+ {[%emt 0:00:05]} Ke7 {[%emt 0:00:03]} 35. Qc3 {[%emt 0:00:22]} Kd7 {[%emt 0:00:15]} 36. Bc2 {[%emt 0:00:30]} Qd4+ {[%emt 0:00:27]} 37. Qxd4 {[%emt 0:00:07]} cxd4 {[%emt 0:00:04]} 38. Bd3 {[%emt 0:00:12]} 1-0

[Event "EYCC Open U16 2018"]
[Site "Riga"]
[Date "2018.08.26"]
[Round "6"]
[White "Oboladze, Luka"]
[Black "Zarubitski, Viachaslau"]
[Result "0-1"]
[WhiteElo "2349"]
[BlackElo "2416"]
[Annotator "TA"]
[PlyCount "171"]
[EventDate "2018.08.20"]
[EventType "swiss"]
[EventCountry "LAT"]
[SourceTitle "playchess.com"]
[Source "ChessBase"]
[SourceQuality "1"]

{[%evp 23,171,-2,-8,-31,-6,-25,-17,-35,-25,-35,-29,-39,-30,-30,-26,-29,-14,-13,0,-10,20,0,0,-2,0,-7,-10,-11,-10,-6,-8,-8,0,-24,3,3,12,1,9,0,0,0,0,-56,-56,-56,-56,-56,-59,-59,-59,-59,-59,-59,-60,-60,-60,-272,-269,-261,-239,-237,-219,-206,-47,-48,-63,-50,-38,-137,-137,-137,-117,-296,-296,-296,-293,-125,-8,-12,0,0,0,0,0,-8,-8,-488,-488,-488,-488,-470,-29,-29,-29,-214,0,0,0,0,0,-426,0,-8,0,-154,-131,-687,-695,-696,-696,-696,-672,-687,-675,-672,-672,-672,-672,-1245,-1245,-1231,-1225,-1212,-1183,-1130,-1003,-4133,-672,-672,-610,-596,-596,-589,-536,-912,-796,-779,-725,-635,-557,-5199,-1451,-12272,-12255,-4897,-2343,-12794,-6075,-5405]} 1. c4 Nf6 2. Nf3 e6 3. Nc3 d5 4. d4 c6 5. cxd5 exd5 6. Bg5 Be7 7. Qc2 g6 8. e3 Bf5 9. Bd3 Bxd3 10. Qxd3 O-O 11. O-O Nbd7 12. h3 Re8 {LiveBook: 40 Games. D36: Queen's Gambit Declined: Exchange Variation: Main line (5 Bg5 c6 6 Qc2)} 13. Bxf6 (13. Bf4 Bf8 14. Ne5 Bg7 15. Bh2 Nxe5 16. Bxe5 Ne4 17. Bxg7 Kxg7 18. Nxe4 Rxe4 19. b4 a6 20. a4 Qd6 21. b5 {½-½ (34) Bu,X (2723)-Wei,Y (2696) Wuxi 2016}) 13... Bxf6 (13... Nxf6 {seems wilder.} 14. Rfb1 a5 15. Qc2 Bd6 16. Re1 Kg7) 14. Nd2 $146 ({Predecessor:} 14. Rac1 Be7 15. Qc2 Bd6 16. Qb3 Qb6 17. Qc2 f5 18. a3 a5 19. Rfe1 Re7 20. Na4 Qd8 21. Qb3 Nf6 22. Nc5 Qc7 {½-½ (22) Kaposztas,M (2300)-Dobosz,H (2380) Szolnok 1985}) 14... a5 {Black has an edge.} 15. b3 Bg7 16. Rad1 Qe7 17. Rfe1 Qb4 18. Na4 {[%cal Bc3a4,Ba4b2,Bb2d3][%mdl 32]} Rad8 19. Qc2 Re7 20. Nb2 Rde8 21. Nd3 Qb6 22. Nf3 Nf6 23. a3 Ne4 24. b4 Ra8 25. Ra1 Ree8 26. Reb1 axb4 27. axb4 Bf8 28. Nd2 Nxd2 29. Qxd2 Qb5 30. Nc5 Kg7 31. Qc3 Bd6 32. g3 h5 33. Qd3 (33. Kg2 $11) 33... Rxa1 $15 34. Rxa1 Qxb4 35. Rb1 Qc4 36. Rxb7 Bxc5 37. Qxc4 dxc4 38. dxc5 {[%mdl 4096] Endgame KR-KR} Re5 39. Rb2 Rxc5 40. e4 $2 ({White should try} 40. Rc2 $15) 40... Kf6 41. f4 c3 42. Rc2 Rc4 43. Kf2 Rxe4 $2 (43... Ke6 $1 $19 44. Kf3 f5 45. exf5+ gxf5) 44. Rxc3 Re6 45. Kf3 Ke7 46. g4 (46. f5 $1 $15 Rf6 47. g4) 46... hxg4+ $1 $17 47. hxg4 Kd6 $1 48. f5 $2 (48. Rd3+ $17 Kc7 49. Rc3) 48... gxf5 $19 49. gxf5 Re7 50. Rd3+ Kc5 (50... Ke5 $17 51. Re3+ Kd6 52. Rd3+ Kc7) 51. Kf4 $1 $11 Kb4 {White must now prevent ...c5.} 52. f6 Rc7 {Strongly threatening ...c5.} (52... Re8 {looks sharper.} 53. Rd7 Rf8 54. Rb7+ Kc4 55. Kg5 Rg8+) 53. Re3 Kc5 54. Ke5 Rd7 {White should prevent ...Kb6.} 55. Rb3 $2 {[%mdl 8192]} (55. Kf5 $11) 55... Rd5+ $19 56. Kf4 Kd6 $1 {[%cal Rd6e6]} 57. Re3 Kc7 $2 (57... c5 $1 $19 {[%cal Rc5c4] aiming for ...c4.} 58. Re8 c4) 58. Ra3 $11 ({Of course not} 58. Re7+ Rd7 $17) 58... Rd7 59. Rc3 $2 (59. Ke5 $11) 59... Rd4+ $2 (59... Kd6 $1 $19 60. Ke4 Ra7) 60. Kg5 $1 Kd6 61. Re3 Rd5+ $2 {[%mdl 8192]} (61... c5 $11) 62. Kf4 $19 Kc7 $2 (62... c5 $1 $19 {[%cal Rc5c4] ...c4 is the strong threat.} 63. Re8 c4) 63. Ra3 $1 $11 ({Much worse is} 63. Re7+ Rd7 $17) 63... Rd7 ({Better is} 63... Kb6 $11) 64. Rc3 $1 $17 Kd6 $1 65. Kf5 $2 {[%mdl 8192]} (65. Rc1 $17) 65... c5 $1 $19 {Black is clearly winning.} 66. Rc1 Kd5 67. Rd1+ Kc6 68. Rc1 Rd5+ 69. Ke4 {[#]} Kd6 $1 70. Ra1 {[#] White wants to mate with Ra6+.} Ke6 $1 71. Ra7 Rd4+ 72. Ke3 Kxf6 73. Rc7 Rd5 74. Ke4 Re5+ 75. Kf4 Rf5+ (75... Ke6 $142 76. Rxf7 Re1) 76. Ke4 {intending Rxf7+!} Kg6 77. Rc8 Rh5 78. Kf4 f6 79. Kg4 Re5 80. Kf4 Kf7 81. Rc6 Ke7 82. Ra6 Re6 83. Ra7+ Kd6 84. Kf5 Kd5 (84... Re5+ $142 85. Kxf6 Re2) 85. Rc7 Rd6 (85... Rc6 $142 86. Rd7+ Rd6) 86. Kf4 {Precision: White = 40%, Black = 51%.} 0-1

[Event "EYCC Open U16 2018"]
[Site "Riga"]
[Date "2018.08.26"]
[Round "6"]
[White "Degraeve, Remy"]
[Black "Sonis, Francesco"]
[Result "0-1"]
[WhiteElo "2322"]
[BlackElo "2468"]
[Annotator "TA"]
[PlyCount "54"]
[EventDate "2018.08.20"]
[EventType "swiss"]
[EventCountry "LAT"]
[SourceTitle "playchess.com"]
[Source "ChessBase"]
[SourceQuality "1"]

{[%evp 15,54,19,47,0,0,-10,-21,-8,-16,0,12,-75,-25,-54,-70,-69,-62,-116,-111,-108,-108,-435,-426,-817,-822,-631,-560,-1371,-675,-29988,-29989,-29989,-29990,-29990,-29991,-29991,-29992,-29993,-29994,-29997,-29998]} 1. e4 e6 2. d4 d5 3. exd5 exd5 4. Nf3 Bd6 5. c4 dxc4 6. Bxc4 Nf6 7. O-O O-O 8. Nc3 Bg4 {LiveBook: 48 Games} 9. Qd3 {D20: Queen's Gambit Accepted: 3 e3 and 3 e4} (9. h3 Bxf3 10. Qxf3 Nc6 11. Be3 Rb8 12. Rfe1 h6 13. Rad1 a6 14. a3 Re8 15. g4 Qd7 16. Bd3 Bf8 17. Bf5 Qd6 18. Bc2 {1-0 (40) Potkin,V (2580)-Michalik,P (2573) Czech Republic 2016}) 9... Nc6 {[%cal Bb8c6,Bc6d4,Bd4e2][%mdl 32]} 10. a3 Bxf3 11. Qxf3 {The position is equal.} Nxd4 12. Qxb7 $146 ({Predecessor:} 12. Qh3 Re8 13. Bg5 Re5 14. f4 Re8 15. Rad1 c6 16. Bd3 h6 {1-0 (34) Fleischer,M (1675)-Schulz,G (1715) Germany 1996}) 12... Ng4 13. g3 (13. h3 $1 $11 {keeps the balance.} Ne5 14. Ba2) 13... Ne5 14. Be2 Re8 15. Qd5 Qf6 16. Kg2 (16. Be3 $15 Nxe2+ 17. Nxe2) 16... Nxe2 $17 17. Nxe2 Rad8 $36 {[%mdl 2048] Keeping White busy.} 18. Qb3 $2 {[%mdl 8192] [#]} (18. Bf4 $17 {is more resistant.}) 18... Bc5 $19 19. Nf4 (19. f3 $142 Qc6 20. Qc2) 19... Qc6+ 20. f3 g5 21. Nh5 Rd3 (21... g4 $142 22. Nf6+ Qxf6 23. fxg4 Qc6+ 24. Kh3 Qg6) 22. Qc2 Rxf3 {Black mates.} 23. Qxc5 {[#]} Rf2+ $1 {[%mdl 512]} 24. Kxf2 Ng4+ 25. Kg1 Qxc5+ 26. Kg2 Re2+ 27. Kf3 Qc4 {Precision: White = 15%, Black = 58%.} 0-1